Birthing Hut and Other Stories/ (Record no. 189847)

MARC details
000 -LEADER
fixed length control field 00635nam a2200193 4500
005 - DATE AND TIME OF LATEST TRANSACTION
control field 20220713161027.0
010 ## - LCCN (DPL NO)
LC control number ENG-133582
020 ## - INTERNATIONAL STANDARD BOOK NUMBER
International Standard Book Number 9789390961757
Terms of availability 350.00
035 ## - SYSTEM CONTROL NUMBER
System control number EN-117064
037 ## - SOURCE OF ACQUISITION
Source of stock number/acquisition DBAD/PUB
082 ## - DEWEY DECIMAL CLASSIFICATION NUMBER
Classification number S
100 ## - MAIN ENTRY--PERSONAL NAME
Personal name Thangapandian, Thamizhachi
245 ## - TITLE STATEMENT
Title Birthing Hut and Other Stories/
Statement of responsibility, etc Thamizhachi Thangapandian,tr V Bharathi harishankar
260 ## - PUBLICATION, DISTRIBUTION, ETC. (IMPRINT)
Place of publication, distribution, etc New Delhi
Name of publisher, distributor, etc Vitasta Publishingb Pvt Ltd
Date of publication, distribution, etc 2022
270 ## - ADDRESS
City New Delhi
Address 2/15, Ansari Road , daryaganj
Postal code 110002
Electronic mail address info@vitastapublishing.com
300 ## - PHYSICAL DESCRIPTION
Extent xvi;73p.
Dimensions 17cm.(Hbk)
Other physical details ill
700 ## - ADDED ENTRY--PERSONAL NAME
Personal name Harishankar,V Bharathi
942 ## - ADDED ENTRY ELEMENTS (KOHA)
Source of classification or shelving scheme Dewey Decimal Classification
Item type English Books
Classification part S
Call number suffix THA
Holdings
Withdrawn status Lost status Not for loan Collection code Home library Current library Date acquired Source of acquisition Cost, normal purchase price Full call number Barcode Copy number Cost, replacement price Koha item type
      Fiction Bawana Bawana 13/07/2022 DBAD/PUB 350.00 S THA EN-117064 1 350.00 English Books

© Delhi Public Library
Hit Counter
free hit counter